Tafelglas-Daten : Zahlen und Schaubilder uber Fensterglas

Αποθηκεύτηκε σε:
Λεπτομέρειες βιβλιογραφικής εγγραφής
Άλλοι συγγραφείς: Seeling, Otto (Συγγραφέας εισαγωγής κ.λπ.)
Μορφή: Βιβλίο
Γλώσσα:German
Δημοσίευση: Frankfurt am Main : Hofmann, 1954
Θέματα:
Ετικέτες: Προσθήκη ετικέτας
Δεν υπάρχουν, Καταχωρήστε ετικέτα πρώτοι!

MARC

LEADER 00000cam a2200000 i 4500
001 1/10311
008 000831s1954 ger d
035 |l 10063390 
040 |a GR-MY-UA  |b gre  |e aacr 
041 0 |a ger 
082 0 |a 690.1823 
245 1 0 |a Tafelglas-Daten :  |b Zahlen und Schaubilder uber Fensterglas /  |c bearbeitet von Otto Volckers ; unter Mitwirkung von K. Dinger ...[et al.] ; mit einem Geleitwort von Otto Seling 
260 |a Frankfurt am Main :   |b Hofmann,   |c 1954 
300 |a 57 p.  |b tables, fig. 
504 |a Includes bibliographical references and index 
650 0 0 |a Windows. 
650 0 0 |a Buildings  |x Energy conservation. 
700 1 |a Volckers, Otto.  |4 oth 
700 1 |a Seeling, Otto.  |4 aui 
852 |a INST  |b LESVOS  |e 20000831  |h 690.1823 TAF  |p 005100023385  |q 005100023385  |t BK  |y 0 
901 |a BIBL1-2000-2 
909 |a Λ  |b 077064 
970 |z 2000/08/ΔΕΜΕΝΑΓΑΣ